| 000 | 00491nam a2200145Ia 4500 | ||
|---|---|---|---|
| 008 | 140724s9999 xx 000 0 und d | ||
| 050 |
_aGV 1127 _b.Ab117 2010 |
||
| 100 | _aAbando, Leida Erika P. | ||
| 245 | 2 |
_aA video documentary on mixed martial arts in Metro Manila / _cLeida Erika P. Abando. |
|
| 260 |
_aLas PiƱas, Philippines : _bSouthville International School and Colleges, _cc2010. |
||
| 300 |
_a66 p. : _bill. ; _c28 cm. |
||
| 521 | _aMedia Arts | ||
| 942 | _cTH | ||
| 999 |
_c229027 _d229027 |
||